[Event "Mistrzostwa Polski Juniorow do lat 18 - Dziewczeta"]
[Site "Jastrzebia Gora"]
[Date "1899-12-30"]
[Round "9.5"]
[White "Barwinska, Ewa"]
[Black "Bugaj, Hanna"]
[Result "1/2-1/2"]
[WhiteTitle "WCM"]
[BlackTitle "I++"]
[WhiteElo "1963"]
[BlackElo "1639"]

1. e4 c5 2. Nc3 Nc6 3. Bb5 Nf6 4. Bxc6 dxc6 5. d3 e5 6. f4 Bg4 7. Nf3 Bd6 8. f5
Qb6 9. b3 O-O-O 10. Na4 Qc7 11. Bd2 Kb8 12. h3 Bxf5 13. exf5 e4 14. O-O exf3 15.
Qxf3 Nd5 16. Rac1 Rhe8 17. Nc3 Nxc3 18. Bxc3 f6 19. Rce1 Be5 20. Bxe5 Rxe5 21.
Re4 Rde8 22. Rfe1 Rxe4 23. Rxe4 Rxe4 24. Qxe4 Qd7 25. Kf2 Kc7 26. Ke3 b6 27. g4
h6 28. c3 a6 29. h4 b5 30. c4 b4 31. Qf4+ Kb7 32. Qe4 Kc7 33. Kf3 Kb7 34. Ke3
1/2-1/2

[Event "Mistrzostwa Polski Juniorow do lat 18 - Dziewczeta"]
[Site "Jastrzebia Gora"]
[Date "1899-12-30"]
[Round "9.6"]
[White "Uliasz, Katarzyna"]
[Black "Lukasik, Zuzanna"]
[Result "1/2-1/2"]
[WhiteTitle "I++"]
[BlackTitle "I++"]
[WhiteElo "1670"]
[BlackElo "1781"]

1. c4 e5 2. g3 d6 3. Bg2 Nc6 4. Nc3 g6 5. e4 Bg7 6. Nge2 Be6 7. d3 Qd7 8. Nd5 Nce7
9. h3 c6 10. Ne3 d5 11. exd5 cxd5 12. d4 Rd8 13. cxd5 Nxd5 14. dxe5 Bxe5 15. Nxd5
Bxd5 16. Qxd5 Qxd5 17. Bxd5 Rxd5 18. Nf4 Rd7 19. O-O Ne7 20. Re1 Bd4 21. Ne2 Bg7
22. Nc3 O-O 23. Be3 Nc6 24. Rad1 Rfd8 25. Rxd7 Rxd7 26. Bc5 Rd8 27. Kg2 b6 28.
Be3 Nb4 29. Bg5 f6 30. Bc1 Kf7 31. a3 Nc2 32. Re2 Nd4 33. Rd2 Nc6 34. Rxd8 Nxd8
35. Bf4 Ke6 36. Nb5 Nc6 37. b4 f5 38. Nc7+ Kd7 39. Na6 Nd4 40. a4 Bf8 41. b5 Bd6
42. Be3 Nc2 43. Bd2 Ke6 44. Bf4 Bxf4 45. gxf4 Ne1+ 46. Kg3 Nd3 47. Nb8 Nc5 48.
Nc6 Nxa4 49. Nxa7 Nc3 50. Nc8 Nxb5 51. Nxb6 Nd4 52. h4 h6 53. Nc4 Kf6 54. Nd6
Nc2 55. Ne8+ Ke7 56. Nc7 Nb4 57. Nb5 Ke6 58. Nc3 Nd3 59. Nb5 Nc5 60. Nc7+ Kf6
61. Nd5+ Kf7 62. Nc7 Ne4+ 63. Kg2 Kf6 64. Nd5+ Ke6 65. Ne3 h5 66. Nc4 Kf6 67.
Ne3 Nd2 68. Nd5+ Ke6 69. Ne3 Kd6 70. Kg3 Kc5 71. Nc2 Kd5 72. f3 Nc4 73. Kf2 Nd6
74. Nb4+ Ke6 75. Nc6 Nb5 76. Ke3 Nc3 77. Nd4+ Kd5 78. Nc2 Nb5 79. Nb4+ Ke6 80.
Nd3 Nc7 81. Nb4 Kf6 82. Ke4 Ke5+ 1/2-1/2